Triết lý phát triển ( Karl Marx, Frederich Engels, Vladimir Ilich Lenin, Hồ Chí Minh )
Đã lưu trong:
| Hovedforfatter: | |
|---|---|
| Format: | Bog |
| Sprog: | Undetermined |
| Udgivet: |
Hà Nội
KHXH
2000
|
| Fag: | |
| Tags: |
Tilføj Tag
Ingen Tags, Vær først til at tagge denne postø!
|
| Thư viện lưu trữ: | Trung tâm Học liệu Trường Đại học Cần Thơ |
|---|
| LEADER | 00651nam a2200193Ia 4500 | ||
|---|---|---|---|
| 001 | CTU_43745 | ||
| 008 | 210402s9999 xx 000 0 und d | ||
| 020 | |b 23.000đ | ||
| 082 | |a 335.009597 | ||
| 082 | |b H527 | ||
| 100 | |a Nguyễn Văn Huyên | ||
| 245 | 0 | |a Triết lý phát triển ( Karl Marx, Frederich Engels, Vladimir Ilich Lenin, Hồ Chí Minh ) | |
| 245 | 0 | |c Nguyễn Văn Huyên | |
| 260 | |a Hà Nội | ||
| 260 | |b KHXH | ||
| 260 | |c 2000 | ||
| 650 | |a economic policy,socialism - economic aspects,vietnam - economic conditions | ||
| 904 | |i Minh, 011005 | ||
| 980 | |a Trung tâm Học liệu Trường Đại học Cần Thơ | ||